| 000 | 00772cam a22002175i 4500 | ||
|---|---|---|---|
| 001 | 155506 | ||
| 003 | ES-MaACL | ||
| 005 | 20250903014510.0 | ||
| 008 | 000714s1874 fr |||| | fre d | ||
| 040 |
_aCCPB | B _bspa _cCCPB | B _dCCPB _dCAT |
||
| 100 | 1 |
_aHoefer, Ferdinand ( _d1811-1878) _9222420 |
|
| 245 | 1 | 0 |
_aHistoire des mathématiques depuis leurs origines jusqu'au commencement du dix-neuvième siècle / _cpar Ferdinand Hoefer. |
| 260 |
_aParis : _bLibrairie Hachette et C\pie\s, _c1874. |
||
| 300 |
_aIII, 602 p. ; _c20 cm. |
||
| 510 | 3 | _aCCFr, 31/10/06 | |
| 599 | _aGrab. intercalados. | ||
| 650 | 4 |
_aMatemáticas- _vHistoria _914826 |
|
| 752 |
_aFrancia - _dParís |
||
| 852 |
_aES-MaACL _jF-12769 _z-- Enc. hol. |
||
| 999 |
_c155506 _d155506 |
||